000 01087nam a2200313 i 4500
001 000030231
003 DO-SdBNP
005 20241128085504.0
007 ta
008 110505s1987 dr c 000 0 spa d
040 _aDO-SdBNP
_bspa
_cBNPHU
_erda
041 _aspa
082 _a972.93054
_bG216yo 1987
_222
100 _aGarcía Reyes, Federico
_eautor
_4aut.
_946011
245 1 0 _aYo disparé contra Caamaño /
_cFederico García Reyes.
250 _atercera edición
264 4 _aSanto Domingo :
_bEditora Taller,
_c©1987.
300 _a147 páginas :
_bilustraciones, retratos ;
_c21 cm.
336 _atexto
_btxt
_2rdacontent
337 _asin mediación
_bn
_2rdamedia
338 _avolumen
_bnc
_2rdacarrier
490 0 _aBiblioteca Taller ;
_v240
500 _aIncluye datos biográficos del autor en la contracubierta.
590 _aInventariado, 2019/MFF
600 1 4 _aCaamaño Deño, Francisco Alberto,
_d1932-1973
_910026
651 4 _aRepública Dominicana
_xHistoria
_yRevolución, 1965
_92167
910 _aValidado. Control de calidad MMOLINA
942 _2ddc
_cLBS1
999 _c29723
_d29723